| 000 | 00462 a2200169 4500 | ||
|---|---|---|---|
| 999 |
_c3850 _d3850 |
||
| 003 | Nust | ||
| 005 | 20170105101226.0 | ||
| 008 | 161209b xxu||||| |||| 00| 0 eng d | ||
| 040 |
_aS3H _c0 |
||
| 082 | _a338.6 | ||
| 100 | _aSharma, S.C. | ||
| 245 |
_aIndustrial Organisation and Engineering Economics _cS.C. Sharma _hT.R. Banga |
||
| 260 |
_aNew Delhi, India _bKnanna Publishers _c1997 |
||
| 300 | _a1252p | ||
| 500 | _apaperback | ||
| 942 |
_cBK _k338.6 BAN _2ddc |
||